Normal view
MARC view
Entry Personal Name
001 - CONTROL NUMBER
- control field: 78855
003 - CONTROL NUMBER IDENTIFIER
- control field: dpl
005 - DATE AND TIME OF LATEST TRANSACTION
- control field: 20250228152618.0
008 - FIXED-LENGTH DATA ELEMENTS
- fixed length control field: 250228|| aca||aabn | a|a d
040 ## - CATALOGING SOURCE
- Original cataloging agency: dpl
- Transcribing agency: dpl
100 ## - HEADING--PERSONAL NAME
- Personal name: अग्रवाल, आर एस
670 ## - SOURCE DATA FOUND
- Source citation: Work cat.: (dpl)209819: अग्रवाल, आर एस, SSC रेसोनिंग/, 2024
